<?xml version="1.0" encoding="UTF-8"?>
<marc:record xmlns:marc="http://www.loc.gov/MARC21/slim">
   <marc:leader>00000nam a2200000 a 4500</marc:leader>
   <marc:datafield ind1="1" ind2=" " tag="100">
      <marc:subfield code="a">Schenk, Herrad</marc:subfield>
      <marc:subfield code="4">aut</marc:subfield>
      <marc:subfield code="e">Verfasser/-in</marc:subfield>
   </marc:datafield>
   <marc:datafield ind1=" " ind2=" " tag="653">
      <marc:subfield code="a">P2019</marc:subfield>
   </marc:datafield>
   <marc:datafield ind1="0" ind2="0" tag="245">
      <marc:subfield code="a">Die Rache der alten Mamsell</marc:subfield>
   </marc:datafield>
   <marc:datafield ind1="0" ind2="0" tag="245">
      <marc:subfield code="b">Eugenie Marlitts Lebensroman</marc:subfield>
   </marc:datafield>
   <marc:datafield ind1=" " ind2="1" tag="264">
      <marc:subfield code="b">Claassen</marc:subfield>
      <marc:subfield code="c">1986</marc:subfield>
   </marc:datafield>
   <marc:datafield ind1="1" ind2=" " tag="520">
      <marc:subfield code="a">Fiktiver Lebensroman der Gartenlauben-Autorin und Ahnfrau des Trivialromans Eugenie Marlitt.
Die Marlitt - eine Bestsellerautorin, die im 19. Jahrhundert lebte und starb und über hundert Jahre ein Lesepublikum hatte, von dem heutige Autoren nur träumen können, die durch Spannung verführte, zu Tränen rührte, reich und berühmt war. Zu Lebzeiten wurde sie als große Dichterin gefeiert, später als Ahnfrau des Trivialromans verachtet und aus der besseren Literaturgeschichte verbannt. Das Leben der Gartenlaubenautorin war selbst wie ein Trivialroman. Was ist das Geheimnis ihres Erfolgs bei Generationen von Frauen? Herrad Schenk verbindet Recherchiertes und Erahntes, Belegtes und Erfundenes und erzählt respektlos und liebevoll Eugenie Marlitts Lebensroman.





 
</marc:subfield>
   </marc:datafield>
   <marc:datafield ind1="3" ind2=" " tag="024">
      <marc:subfield code="a">3546479424</marc:subfield>
   </marc:datafield>
</marc:record>
